[Event "FIDE WCC Blitz Women 2019"]
[Site "Moscow"]
[Date "2019.12.29"]
[Round "3.10"]
[White "Nazarova, Anastasia"]
[Black "Girya, Olga"]
[Result "1-0"]
[WhiteElo "2049"]
[BlackElo "2337"]
[Annotator "TA"]
[PlyCount "95"]
[EventDate "2019.12.29"]
[EventType "swiss"]
[EventCountry "RUS"]
[SourceTitle "playchess.com"]
[Source "ChessBase"]
[SourceQuality "1"]

1. e4 c6 2. d4 d5 3. Nc3 dxe4 4. Nxe4 Bf5 5. Ng3 Bg6 6. Nh3 Nf6 7. Bc4 e6 8. O-O Bd6 9. Nf4 Qc7 10. Qf3 O-O 11. c3 Nbd7 12. Re1 e5 13. Nxg6 hxg6 14. Bg5 exd4 15. cxd4 Nb6 16. Bb3 Nbd5 17. Rac1 Rae8 18. Rxe8 Rxe8 19. Qd3 Qa5 20. Bd2 Qb6 21. Nf1 Nf4 22. Bxf4 Bxf4 23. Rd1 Nd5 24. Qf3 Bb8 25. g3 Nf6 26. Ne3 Rd8 27. Nc4 Qb5 28. Qe3 Re8 29. Qc3 Nd5 30. Qf3 Qb4 31. Ne5 Bxe5 32. dxe5 Rxe5 33. Bxd5 cxd5 34. Rxd5 Re7 35. Rd8+ Kh7 36. Kg2 Qxb2 37. Qg4 Qe5 38. Qh4+ Qh5 39. Qxe7 g5 40. Rd4 Qg6 41. Qe4 f5 42. Qe5 Qc6+ 43. Qd5 Qf6 44. Rd2 g4 45. Re2 a5 46. Re8 Qb6 47. Qg8+ Kh6 48. Re6+ 1-0

[Event "FIDE WCC Blitz Women 2019"]
[Site "Moscow"]
[Date "2019.12.29"]
[Round "3.11"]
[White "Heinemann, Josefine"]
[Black "Zhukova, Natalia"]
[Result "0-1"]
[WhiteElo "2325"]
[BlackElo "2239"]
[Annotator "NA"]
[PlyCount "80"]
[EventDate "2019.12.29"]
[EventType "swiss"]
[EventCountry "RUS"]
[SourceTitle "playchess.com"]
[Source "ChessBase"]
[SourceQuality "1"]

1. e4 e5 2. Nf3 Nc6 3. Bb5 a6 4. Ba4 Nf6 5. O-O b5 6. Bb3 Bc5 7. c3 d6 8. a4 Rb8 9. d4 Bb6 10. a5 Ba7 11. h3 O-O 12. Be3 exd4 13. cxd4 Nxe4 14. Bd5 Qe8 15. Qc2 Nb4 16. Qxe4 Qxe4 17. Bxe4 f5 18. Bxf5 Bxf5 19. Nc3 c6 20. Bf4 Rbd8 21. Bg5 Rd7 22. Kh2 h6 23. Bh4 Bg6 24. Bg3 Bh5 25. Ne4 Bxf3 26. gxf3 Nc2 27. Rac1 Nxd4 28. Bxd6 Rxd6 29. Nxd6 Bb8 30. Rfd1 Bxd6+ 31. Kg2 Be5 32. Rc5 Bf6 33. b4 Kf7 34. f4 g6 35. f3 Re8 36. Rxd4 Bxd4 37. Rxc6 Re6 38. Rc7+ Kf6 39. Rh7 h5 40. Rb7 Bc3 0-1

[Event "FIDE WCC Blitz Women 2019"]
[Site "Moscow"]
[Date "2019.12.29"]
[Round "3.12"]
[White "Osmak, Iulija"]
[Black "Muzychuk, Anna"]
[Result "1/2-1/2"]
[WhiteElo "2242"]
[BlackElo "2504"]
[Annotator "ChessBase"]
[PlyCount "65"]
[EventDate "2019.12.29"]
[EventType "swiss"]
[EventCountry "RUS"]
[SourceTitle "playchess.com"]
[Source "ChessBase"]
[SourceQuality "1"]

1. d4 Nf6 2. c4 g6 3. Nc3 d5 4. cxd5 Nxd5 5. Bd2 Bg7 6. e4 Nxc3 7. Bxc3 O-O 8. Nf3 c5 9. d5 Bxc3+ 10. bxc3 Bg4 11. Be2 Nd7 12. O-O Qc7 13. Nd2 Bxe2 14. Qxe2 Rad8 15. c4 e5 16. a4 Nf6 17. Nb1 Ne8 18. Nc3 Nd6 19. Nb5 Qb8 20. Rfb1 Rfe8 21. Nxd6 Rxd6 22. Rb5 Qc7 23. Rab1 b6 24. a5 Rb8 25. Qb2 f6 26. Qa3 Kg7 27. R1b3 Rb7 28. Rb1 Rb8 29. h3 Rb7 30. R1b2 Rb8 31. Rb1 Rb7 32. R1b2 Rb8 33. Rb1 1/2-1/2

[Event "FIDE WCC Blitz Women 2019"]
[Site "Moscow"]
[Date "2019.12.29"]
[Round "3.13"]
[White "Doluhanova, Evgeniya"]
[Black "Galliamova, Alisa"]
[Result "1/2-1/2"]
[WhiteElo "2222"]
[BlackElo "2415"]
[Annotator "TA"]
[PlyCount "263"]
[EventDate "2019.12.29"]
[EventType "swiss"]
[EventCountry "RUS"]
[SourceTitle "playchess.com"]
[Source "ChessBase"]
[SourceQuality "1"]

1. e4 e5 2. Nf3 Nc6 3. Bb5 g6 4. c3 a6 5. Ba4 Bg7 6. O-O Nge7 7. d4 exd4 8. cxd4 b5 9. Bb3 Na5 10. Bc2 O-O 11. Be3 Nc4 12. Bc1 d6 13. b3 Nb6 14. Nbd2 c5 15. Bb2 Nc6 16. e5 cxd4 17. Nxd4 Nxd4 18. Bxd4 dxe5 19. Bc5 Re8 20. Be4 Ra7 21. Nf3 Rd7 22. Qe2 Nd5 23. Rac1 Bb7 24. a4 bxa4 25. bxa4 Nf4 26. Qe3 Bxe4 27. Qxe4 Qa8 28. Qc4 Rd3 29. Rfe1 Rxf3 30. gxf3 Qxf3 31. Qe4 Qg4+ 32. Kh1 h5 33. Be3 Ne6 34. Qxg4 hxg4 35. Rc6 Ra8 36. Rec1 Kh7 37. Rc8 Rxc8 38. Rxc8 e4 39. Rc6 Nd4 40. Bxd4 Bxd4 41. Kg2 a5 42. Rc4 Bb6 43. Rxe4 f5 44. Re6 Bc5 45. Rc6 Bb4 46. h3 gxh3+ 47. Kxh3 Kh6 48. Kg3 Kg5 49. Kf3 Kh5 50. Kf4 Bd2+ 51. Kf3 g5 52. Rc5 Kg6 53. Ke2 Bb4 54. Rb5 g4 55. Kf1 Kf6 56. Kg2 f4 57. Rh5 Kg6 58. Rb5 Kf6 59. Rd5 Kg6 60. f3 gxf3+ 61. Kxf3 Kf6 62. Rh5 Ke6 63. Kxf4 Kd6 64. Ke4 Kc6 65. Kd4 Kb6 66. Kc4 Ka6 67. Rh6+ Ka7 68. Kb5 Kb7 69. Rh7+ Kb8 70. Kb6 Kc8 71. Rh8+ Kd7 72. Ra8 Bc3 73. Kb7 Bb4 74. Ra6 Bc3 75. Rh6 Bd2 76. Rh3 Bb4 77. Rd3+ Ke8 78. Kc7 Ke7 79. Re3+ Kf6 80. Kc6 Kf7 81. Kd7 Kf6 82. Re4 Kf5 83. Re2 Kf6 84. Kc6 Kf5 85. Kd5 Kf6 86. Re3 Kf5 87. Re4 Kf6 88. Kc4 Kf5 89. Re8 Kf6 90. Rb8 Ke6 91. Kb5 Kd7 92. Kb6 Bc3 93. Kb7 Kd6 94. Rc8 Bb4 95. Rc4 Kd5 96. Rh4 Kd6 97. Kb6 Kd7 98. Rh7+ Kc8 99. Kc6 Kb8 100. Kb6 Kc8 101. Ra7 Kb8 102. Ka6 Kc8 103. Ra8+ Kc7 104. Rh8 Bc3 105. Rh4 Bb4 106. Rc4+ Kb8 107. Kb6 Bd2 108. Re4 Kc8 109. Re8+ Kd7 110. Re2 Bb4 111. Rc2 Kd6 112. Rc1 Kd7 113. Kb7 Kd6 114. Rd1+ Kc5 115. Ka6 Kc6 116. Rc1+ Kd7 117. Kb7 Kd6 118. Rc4 Kd7 119. Rd4+ Ke6 120. Kc6 Ke7 121. Rd5 Ke8 122. Rb5 Kd8 123. Rb8+ Ke7 124. Rb7+ Kd8 125. Rb8+ Ke7 126. Kd5 Kd7 127. Rb7+ Kc8 128. Rb5 Kc7 129. Kc4 Kc6 130. Rh5 Kb6 131. Rh6+ Kb7 132. Kb5 1/2-1/2

[Event "FIDE WCC Blitz Women 2019"]
[Site "Moscow"]
[Date "2019.12.29"]
[Round "3.14"]
[White "Injac, Teodora"]
[Black "Arabidze, Meri"]
[Result "0-1"]
[WhiteElo "2236"]
[BlackElo "2412"]
[Annotator "NA"]
[PlyCount "72"]
[EventDate "2019.12.29"]
[EventType "swiss"]
[EventCountry "RUS"]
[SourceTitle "playchess.com"]
[Source "ChessBase"]
[SourceQuality "1"]

1. d4 d5 2. c4 e6 3. Nc3 Nf6 4. cxd5 exd5 5. Bg5 c6 6. e3 Be7 7. Bd3 Nbd7 8. Qc2 O-O 9. Nf3 Re8 10. h3 Nf8 11. Bf4 Ng6 12. Bh2 Bd6 13. Bxd6 Qxd6 14. O-O-O b5 15. Kb1 Be6 16. Rc1 Rac8 17. g4 a6 18. Ne2 Ne4 19. Rhf1 Rc7 20. Nd2 f5 21. f3 Nxd2+ 22. Qxd2 Rf7 23. Qc2 Ne7 24. Nf4 Bd7 25. g5 Ng6 26. Nxg6 Qxg6 27. Rce1 Qxg5 28. Rg1 Qh6 29. e4 fxe4 30. fxe4 dxe4 31. Bxe4 Rfe7 32. d5 Kh8 33. d6 Qxd6 34. Qc3 Qf6 35. Qc2 Bf5 36. Rgf1 Bxe4 0-1

[Event "FIDE WCC Blitz Women 2019"]
[Site "Moscow"]
[Date "2019.12.29"]
[Round "3.15"]
[White "Bodnaruk, Anastasia"]
[Black "Bogumil, Tatiana"]
[Result "1-0"]
[WhiteElo "2375"]
[BlackElo "1996"]
[Annotator "NA"]
[PlyCount "71"]
[EventDate "2019.12.29"]
[EventType "swiss"]
[EventCountry "RUS"]
[SourceTitle "playchess.com"]
[Source "ChessBase"]
[SourceQuality "1"]

1. e4 e5 2. Nf3 Nc6 3. Bc4 Bc5 4. d3 Nf6 5. Bg5 O-O 6. c3 h6 7. Bh4 Be7 8. O-O a6 9. a4 d6 10. Nbd2 Rb8 11. a5 Be6 12. Re1 Bxc4 13. Nxc4 Nd7 14. Bg3 f5 15. exf5 Rxf5 16. Ne3 Rf8 17. d4 exd4 18. Nxd4 Nxd4 19. Qxd4 Bf6 20. Qd2 Ne5 21. Nd5 Nc6 22. b4 Qd7 23. Qd3 Rbe8 24. Rxe8 Rxe8 25. Nxf6+ gxf6 26. Qg6+ Kf8 27. Qxf6+ Qf7 28. Qxh6+ Qg7 29. Qf4+ Kg8 30. Qf3 Nxb4 31. h4 Nc6 32. Ra4 Rf8 33. Qd5+ Qf7 34. Rg4+ Kh8 35. Qg5 d5 36. Qh6+ 1-0

[Event "FIDE WCC Blitz Women 2019"]
[Site "Moscow"]
[Date "2019.12.29"]
[Round "3.16"]
[White "Dordzhieva, Dinara"]
[Black "Muzychuk, Mariya"]
[Result "1/2-1/2"]
[WhiteElo "2222"]
[BlackElo "2344"]
[Annotator "NA"]
[PlyCount "91"]
[EventDate "2019.12.29"]
[EventType "swiss"]
[EventCountry "RUS"]
[SourceTitle "playchess.com"]
[Source "ChessBase"]
[SourceQuality "1"]

1. d4 d5 2. c4 c6 3. Nf3 Nf6 4. cxd5 cxd5 5. Nc3 Nc6 6. Bf4 Bf5 7. e3 e6 8. Bd3 Bxd3 9. Qxd3 Bd6 10. Bxd6 Qxd6 11. O-O O-O 12. Rac1 Rac8 13. a3 Na5 14. Na4 Nc4 15. Rc2 Rc7 16. Rfc1 Rfc8 17. Nc5 Nd7 18. Nxd7 Qxd7 19. Qe2 h6 20. h3 Qd6 21. Ne1 b6 22. Nd3 Na5 23. Rxc7 Rxc7 24. Rxc7 Qxc7 25. Qd2 Qc4 26. Ne5 Qb3 27. Qc1 Nc4 28. Nxc4 dxc4 29. Qc3 Qd1+ 30. Kh2 Qe2 31. Kg3 a5 32. b3 cxb3 33. Qxb3 b5 34. Qc3 a4 35. Qc8+ Kh7 36. Qd7 Kg6 37. d5 exd5 38. Qxd5 Qb2 39. Qe4+ f5 40. Qe6+ Qf6 41. Qe8+ Kh7 42. Qxb5 Qd6+ 43. Kf3 Qxa3 44. Qxf5+ Kh8 45. Qc8+ Kh7 46. Qf5+ 1/2-1/2

[Event "FIDE WCC Blitz Women 2019"]
[Site "Moscow"]
[Date "2019.12.29"]
[Round "3.17"]
[White "Charochkina, Daria"]
[Black "Socko, Monika"]
[Result "1-0"]
[WhiteElo "2212"]
[BlackElo "2286"]
[Annotator "NA"]
[PlyCount "87"]
[EventDate "2019.12.29"]
[EventType "swiss"]
[EventCountry "RUS"]
[SourceTitle "playchess.com"]
[Source "ChessBase"]
[SourceQuality "1"]

1. d4 Nf6 2. c4 e6 3. Nc3 Bb4 4. e3 O-O 5. Bd2 d5 6. cxd5 exd5 7. Rc1 c6 8. Nf3 Be7 9. Ne5 Bf5 10. Be2 Nbd7 11. f4 Nxe5 12. fxe5 Ne4 13. O-O Bg6 14. Bd3 f5 15. Ne2 Bg5 16. Nf4 Bxf4 17. Rxf4 h6 18. Bb4 Re8 19. Bxe4 dxe4 20. h4 Qd7 21. Qe1 Bf7 22. a3 Be6 23. Qg3 Rac8 24. Rcf1 b6 25. Bd6 c5 26. d5 Bxd5 27. Rxf5 c4 28. Bb4 a5 29. Bd6 Be6 30. Rf6 h5 31. Qg5 c3 32. bxc3 Bg4 33. Qg6 Be6 34. R6f4 b5 35. Qxh5 b4 36. axb4 a4 37. Qg6 a3 38. h5 a2 39. h6 Ra8 40. Ra1 Ra7 41. Kh2 Bb3 42. Raf1 Raa8 43. Rf7 Qxf7 44. Rxf7 1-0

[Event "FIDE WCC Blitz Women 2019"]
[Site "Moscow"]
[Date "2019.12.29"]
[Round "3.18"]
[White "Goltseva, Ekaterina"]
[Black "Ambartsumova, Karina"]
[Result "1/2-1/2"]
[WhiteElo "2143"]
[BlackElo "2254"]
[Annotator "NA"]
[PlyCount "131"]
[EventDate "2019.12.29"]
[EventType "swiss"]
[EventCountry "RUS"]
[SourceTitle "playchess.com"]
[Source "ChessBase"]
[SourceQuality "1"]

1. d4 d6 2. Nf3 g6 3. c4 Bg7 4. Nc3 e5 5. e4 exd4 6. Nxd4 Nf6 7. Be2 O-O 8. O-O Re8 9. f3 c6 10. Bg5 Nbd7 11. Qd2 Qb6 12. Be3 Qc7 13. Rad1 a6 14. Nc2 Bf8 15. Kh1 b5 16. cxb5 axb5 17. Rc1 Bb7 18. Nd4 Qa5 19. Nb3 Qd8 20. Rfd1 b4 21. Nb1 c5 22. a3 bxa3 23. Nxa3 Ba6 24. Nc4 Bxc4 25. Bxc4 Qb6 26. Bf4 Ne5 27. Bxe5 dxe5 28. Qe3 Red8 29. g3 Qb4 30. Qe2 Bh6 31. Rc2 Qb6 32. Kg2 Rxd1 33. Qxd1 Rd8 34. Qg1 Bf8 35. Qf2 Qb4 36. Qe2 Nd7 37. Qd3 Be7 38. Qd5 Rf8 39. Qxd7 Bg5 40. Qd5 Qe1 41. Re2 Qb1 42. Qxc5 h5 43. h4 Bf6 44. Qd6 Kg7 45. Qd3 Qa2 46. Nc5 Qa7 47. Nd7 Rd8 48. Rd2 Be7 49. Qd5 Kh6 50. b3 Bb4 51. Rd3 Qa2+ 52. Kg1 Qa1+ 53. Rd1 Qc3 54. Qd3 Rxd7 55. Qxd7 Qxf3 56. Qd3 Bc5+ 57. Kh2 Qf2+ 58. Kh1 Be3 59. Qf1 Qxg3 60. Qg2 Qxh4+ 61. Qh2 Qxe4+ 62. Qg2 Qh4+ 63. Qh2 Qe4+ 64. Qg2 Qh4+ 65. Qh2 Qe4+ 66. Qg2 1/2-1/2

[Event "FIDE WCC Blitz Women 2019"]
[Site "Moscow"]
[Date "2019.12.29"]
[Round "3.19"]
[White "Khademalsharieh, Sarasadat"]
[Black "Khomeriki, Nino"]
[Result "1/2-1/2"]
[WhiteElo "2463"]
[BlackElo "2177"]
[Annotator "TA"]
[PlyCount "85"]
[EventDate "2019.12.29"]
[EventType "swiss"]
[EventCountry "RUS"]
[SourceTitle "playchess.com"]
[Source "ChessBase"]
[SourceQuality "1"]

1. Nf3 d5 2. e3 Nf6 3. c4 e6 4. Nc3 Be7 5. b3 O-O 6. Bb2 b6 7. g3 Bb7 8. Bg2 c5 9. cxd5 Nxd5 10. Nxd5 Bxd5 11. O-O Nd7 12. Qe2 Bf6 13. d3 Bxb2 14. Qxb2 Qf6 15. Qe2 Bxf3 16. Bxf3 Rad8 17. Bg2 Qc3 18. Rac1 Qa5 19. Rfd1 Nf6 20. Qb2 h6 21. a3 Qb5 22. Bf1 Qd7 23. b4 cxb4 24. axb4 Rc8 25. Qa3 Nd5 26. e4 Nf6 27. Bg2 Rfd8 28. Rxc8 Rxc8 29. d4 Rc4 30. Qb2 Qb5 31. d5 exd5 32. exd5 Rxb4 33. Qc2 Qc5 34. Qf5 Qd6 35. Re1 Rc4 36. Ra1 a5 37. h4 g6 38. Qd3 Rc5 39. Qd2 Kg7 40. Bf3 h5 41. Qd4 Kg8 42. Re1 Kg7 43. Rd1 1/2-1/2

[Event "FIDE WCC Blitz Women 2019"]
[Site "Moscow"]
[Date "2019.12.29"]
[Round "3.20"]
[White "Belenkaya, Dina"]
[Black "Kulon, Klaudia"]
[Result "0-1"]
[WhiteElo "2203"]
[BlackElo "2457"]
[Annotator "ChessBase"]
[PlyCount "66"]
[EventDate "2019.12.29"]
[EventType "swiss"]
[EventCountry "RUS"]
[SourceTitle "playchess.com"]
[Source "ChessBase"]
[SourceQuality "1"]

1. e4 e5 2. Nf3 Nc6 3. d4 exd4 4. Nxd4 Nf6 5. Nxc6 bxc6 6. Bd3 d5 7. exd5 cxd5 8. O-O Be7 9. c4 d4 10. b4 O-O 11. b5 Bb7 12. a4 Ne4 13. a5 a6 14. Re1 f5 15. Bf4 Bf6 16. Nd2 Nc5 17. Nb3 Nxd3 18. Qxd3 Be4 19. Qd2 axb5 20. cxb5 Qd5 21. f3 Qxb3 22. fxe4 fxe4 23. Rxe4 Qxb5 24. Bxc7 Qc6 25. Qa2+ Kh8 26. Ree1 Qxc7 27. Rec1 Qd6 28. Rab1 d3 29. Rd1 h6 30. Kh1 Bg5 31. Rb6 Qxb6 32. axb6 Rxa2 33. Rb1 Rb2 0-1

[Event "FIDE WCC Blitz Women 2019"]
[Site "Moscow"]
[Date "2019.12.29"]
[Round "3.21"]
[White "Stefanova, Antoaneta"]
[Black "Paramzina, Anastasya"]
[Result "1-0"]
[WhiteElo "2452"]
[BlackElo "2203"]
[Annotator "ChessBase"]
[PlyCount "57"]
[EventDate "2019.12.29"]
[EventType "swiss"]
[EventCountry "RUS"]
[SourceTitle "playchess.com"]
[Source "ChessBase"]
[SourceQuality "1"]

1. d4 Nf6 2. Nf3 g6 3. g3 Bg7 4. Bg2 c6 5. O-O d5 6. Bf4 O-O 7. Qc1 Re8 8. c4 Bf5 9. Rd1 Nbd7 10. h3 Nb6 11. Nbd2 Ne4 12. c5 Nxd2 13. Qxd2 Nd7 14. Nh4 Be6 15. Bh6 f6 16. Bxg7 Kxg7 17. Re1 Bf7 18. f4 e5 19. fxe5 fxe5 20. e4 exd4 21. exd5 Bxd5 22. Bxd5 cxd5 23. Qxd4+ Nf6 24. Rxe8 Qxe8 25. Rf1 Qe7 26. Ng2 Rf8 27. Nf4 Qe4 28. Qxe4 dxe4 29. Ne6+ 1-0

[Event "FIDE WCC Blitz Women 2019"]
[Site "Moscow"]
[Date "2019.12.29"]
[Round "3.22"]
[White "Bivol, Alina"]
[Black "Harika, Dronavalli"]
[Result "1/2-1/2"]
[WhiteElo "2186"]
[BlackElo "2445"]
[Annotator "TA"]
[PlyCount "137"]
[EventDate "2019.12.29"]
[EventType "swiss"]
[EventCountry "RUS"]
[SourceTitle "playchess.com"]
[Source "ChessBase"]
[SourceQuality "1"]

1. c4 e6 2. g3 d5 3. Bg2 Nf6 4. Nf3 d4 5. O-O c5 6. d3 Nc6 7. e3 Bd6 8. exd4 cxd4 9. Bg5 h6 10. Bxf6 Qxf6 11. Nbd2 Bc7 12. c5 O-O 13. Rc1 e5 14. Qb3 Rb8 15. Rfe1 Be6 16. Qa3 a5 17. Nc4 Rfe8 18. Nfd2 Qg6 19. Ne4 Bxc4 20. Rxc4 Kh8 21. Nd6 Re6 22. Be4 Qf6 23. Bd5 Rxd6 24. cxd6 Bxd6 25. Qb3 Ne7 26. Bg2 b5 27. Rcc1 a4 28. Qc2 Qe6 29. a3 g6 30. Qd2 Kg7 31. Qa5 b4 32. Qxa4 bxa3 33. bxa3 Rb2 34. Qc4 Qxc4 35. Rxc4 Rb3 36. a4 Rxd3 37. Ra1 Rb3 38. a5 d3 39. a6 Bb8 40. Bf3 d2 41. Bd1 Rb2 42. Kf1 Nf5 43. a7 Bxa7 44. Rxa7 Nd4 45. Rxd4 exd4 46. Ra1 d3 47. Kg2 Rc2 48. Ra3 Rc1 49. Rxd3 Rxd1 50. Kf3 h5 51. h4 Kf6 52. Ke2 Re1+ 53. Kxd2 Re6 54. Rf3+ Ke7 55. Ra3 f5 56. Ra7+ Kf6 57. Ra4 Ke5 58. Ra3 Kf6 59. Ra5 f4 60. Ra4 fxg3 61. fxg3 Re5 62. Rf4+ Rf5 63. Ke3 Ke5 64. Re4+ Kf6 65. Rf4 g5 66. hxg5+ Kxg5 67. Rxf5+ Kxf5 68. Kf3 Kg5 69. Ke4 1/2-1/2

[Event "FIDE WCC Blitz Women 2019"]
[Site "Moscow"]
[Date "2019.12.29"]
[Round "3.23"]
[White "Dzagnidze, Nana"]
[Black "Enkhtuul, Altan-Ulzii"]
[Result "1-0"]
[WhiteElo "2432"]
[BlackElo "2149"]
[Annotator "TA"]
[PlyCount "127"]
[EventDate "2019.12.29"]
[EventType "swiss"]
[EventCountry "RUS"]
[SourceTitle "playchess.com"]
[Source "ChessBase"]
[SourceQuality "1"]

1. c4 e5 2. Nc3 Nf6 3. Nf3 Nc6 4. e3 Bb4 5. Nd5 a5 6. Qc2 h6 7. b3 O-O 8. Bb2 Re8 9. Be2 Bf8 10. O-O d6 11. a3 Be6 12. Nxf6+ Qxf6 13. d4 exd4 14. Nxd4 Nxd4 15. Bxd4 Qh4 16. Bf3 c6 17. Rfd1 Bg4 18. Qe2 Bxf3 19. Qxf3 Qe4 20. Qxe4 Rxe4 21. a4 Re6 22. Rd3 Be7 23. Rad1 Bd8 24. Kf1 Bc7 25. g4 Rb8 26. Rc1 Re7 27. Kg2 Kh7 28. h4 b5 29. cxb5 cxb5 30. Rc6 bxa4 31. bxa4 d5 32. Bc5 Rd7 33. h5 Be5 34. Ra6 Rc8 35. Bd4 Bc7 36. Rc3 Rdd8 37. Rac6 Rd7 38. Rc2 Re7 39. Bb6 Bxb6 40. Rxc8 d4 41. exd4 Bxd4 42. R8c7 Rxc7 43. Rxc7 Kg8 44. Kf3 Bb2 45. Rb7 Bc3 46. Ke4 Kf8 47. f3 Ke8 48. Kd5 Bd2 49. Kc6 g6 50. hxg6 fxg6 51. Rg7 h5 52. Rxg6 h4 53. Rg8+ Kf7 54. Rh8 Be1 55. Rh5 Kg6 56. f4 Kf6 57. Kd5 Kg6 58. Ke4 Bf2 59. Kf3 Be1 60. f5+ Kf6 61. Rh6+ Kf7 62. g5 Bd2 63. Kg4 Be1 64. Rxh4 1-0

[Event "FIDE WCC Blitz Women 2019"]
[Site "Moscow"]
[Date "2019.12.29"]
[Round "3.24"]
[White "Hejazipour, Mitra"]
[Black "Ushenina, Anna"]
[Result "1-0"]
[WhiteElo "2191"]
[BlackElo "2424"]
[Annotator "TA"]
[PlyCount "121"]
[EventDate "2019.12.29"]
[EventType "swiss"]
[EventCountry "RUS"]
[SourceTitle "playchess.com"]
[Source "ChessBase"]
[SourceQuality "1"]

1. d4 d5 2. c4 e6 3. Nf3 Nf6 4. Nc3 dxc4 5. e3 a6 6. a4 c5 7. Bxc4 Nc6 8. O-O Qc7 9. Qe2 Be7 10. Rd1 O-O 11. d5 exd5 12. Nxd5 Nxd5 13. Bxd5 Nb4 14. Bc4 Bf6 15. Rb1 Bf5 16. e4 Rfe8 17. Nd2 Rad8 18. f3 Nc6 19. Nb3 Be5 20. g4 Rxd1+ 21. Qxd1 Bxh2+ 22. Kh1 Be6 23. Bxe6 fxe6 24. Nxc5 Qg3 25. Be3 Ne5 26. Qe2 Nxf3 27. Rf1 Ne5 28. Bf4 Qxg4 29. Qxg4 Nxg4 30. Bxh2 b6 31. Nd7 b5 32. axb5 axb5 33. Rg1 Nf2+ 34. Kg2 Nxe4 35. Kf3 Rd8 36. Ne5 Nd2+ 37. Ke3 Nc4+ 38. Nxc4 bxc4 39. Be5 Rd7 40. Rg4 Rd3+ 41. Ke2 g6 42. Rxc4 Rd5 43. Bc3 h5 44. Rc7 g5 45. Rg7+ Kf8 46. Rh7 h4 47. Kf3 Kg8 48. Rg7+ Kf8 49. Kg4 h3 50. Rh7 Ke8 51. Kxh3 Kd8 52. Kg4 Kc8 53. Rg7 Rd1 54. Kxg5 Kb8 55. Kf6 Rd6 56. Be5 Ka8 57. Bxd6 e5 58. b4 e4 59. b5 e3 60. b6 e2 61. b7+ 1-0

[Event "FIDE WCC Blitz Women 2019"]
[Site "Moscow"]
[Date "2019.12.29"]
[Round "3.25"]
[White "Abdumalik, Zhansaya"]
[Black "Munkhzul, Turmunkh"]
[Result "1-0"]
[WhiteElo "2415"]
[BlackElo "2139"]
[Annotator "NA"]
[PlyCount "83"]
[EventDate "2019.12.29"]
[EventType "swiss"]
[EventCountry "RUS"]
[SourceTitle "playchess.com"]
[Source "ChessBase"]
[SourceQuality "1"]

1. e4 e5 2. Nf3 Nc6 3. Bb5 a6 4. Ba4 Nf6 5. O-O Be7 6. Re1 b5 7. Bb3 O-O 8. a4 b4 9. d4 d6 10. dxe5 Nxe5 11. Nxe5 dxe5 12. Nd2 Bb7 13. Qe2 a5 14. Bc4 Bc5 15. Nb3 Nxe4 16. Nxc5 Nxc5 17. Qxe5 Re8 18. Qxe8+ Qxe8 19. Rxe8+ Rxe8 20. Be3 Ne6 21. Rd1 Bc6 22. b3 Be4 23. Rc1 Rd8 24. f3 Bg6 25. Kf2 Nd4 26. c3 Nc2 27. cxb4 axb4 28. Bf4 c5 29. a5 h6 30. a6 Ra8 31. Bf1 Kh7 32. g4 Nd4 33. Rxc5 Nxb3 34. Rc7 Nd4 35. Rb7 b3 36. Be3 Nc2 37. Bc5 f6 38. Rxb3 h5 39. gxh5 Bf5 40. a7 Be6 41. Rb8 Bd5 42. Bd3+ 1-0

[Event "FIDE WCC Blitz Women 2019"]
[Site "Moscow"]
[Date "2019.12.29"]
[Round "3.26"]
[White "Gaponenko, Inna"]
[Black "Song, Yuxin"]
[Result "1/2-1/2"]
[WhiteElo "2415"]
[BlackElo "2128"]
[Annotator "TA"]
[PlyCount "114"]
[EventDate "2019.12.29"]
[EventType "swiss"]
[EventCountry "RUS"]
[SourceTitle "playchess.com"]
[Source "ChessBase"]
[SourceQuality "1"]

1. e4 c5 2. c3 Nf6 3. e5 Nd5 4. Nf3 Nc6 5. Bc4 Nb6 6. Bb3 d5 7. exd6 e6 8. O-O Bxd6 9. d4 cxd4 10. cxd4 O-O 11. Nc3 Ne7 12. Bc2 Nbd5 13. Qd3 Ng6 14. a3 b6 15. Ng5 Ndf4 16. Bxf4 Bxf4 17. Nh3 Bd6 18. Qf3 Ba6 19. Rfe1 Qf6 20. Qxf6 gxf6 21. Rad1 Rad8 22. d5 e5 23. Ne4 Kg7 24. f3 Ne7 25. Nhf2 Bc4 26. Ng4 Bxd5 27. Ngxf6 Bxe4 28. Nxe4 Bc7 29. Nc3 Rxd1 30. Rxd1 Rd8 31. Rxd8 Bxd8 32. Kf2 f5 33. Nb5 a6 34. Nd6 Kf6 35. g4 fxg4 36. fxg4 Ng6 37. Kf3 Be7 38. Nc4 Bc5 39. Ke4 Bd4 40. b4 h6 41. a4 Ne7 42. b5 axb5 43. axb5 Ke6 44. Bb3 Kf6 45. Nd6 Kg5 46. h3 h5 47. gxh5 Kxh5 48. Nf7 Kh4 49. Nxe5 Bxe5 50. Kxe5 Kxh3 51. Be6+ Kg3 52. Kd6 Ng6 53. Kc6 Kf4 54. Kxb6 Ke5 55. Ka7 Kxe6 56. b6 Ne5 57. b7 Nc6+ 1/2-1/2

[Event "FIDE WCC Blitz Women 2019"]
[Site "Moscow"]
[Date "2019.12.29"]
[Round "3.27"]
[White "Sgircea, Silvia-Raluca"]
[Black "Cramling, Pia"]
[Result "0-1"]
[WhiteElo "2154"]
[BlackElo "2383"]
[Annotator "NA"]
[PlyCount "140"]
[EventDate "2019.12.29"]
[EventType "swiss"]
[EventCountry "RUS"]
[SourceTitle "playchess.com"]
[Source "ChessBase"]
[SourceQuality "1"]

1. Nf3 c5 2. c4 Nc6 3. d4 cxd4 4. Nxd4 Nf6 5. Nc3 e6 6. a3 Bc5 7. Nb3 Bb6 8. e3 O-O 9. Be2 d5 10. cxd5 exd5 11. O-O Re8 12. Bf3 Be6 13. Ne2 Ne4 14. Ned4 Rc8 15. Bd2 Nxd4 16. Nxd4 Bxd4 17. exd4 Qb6 18. Be3 Qxb2 19. Bxe4 dxe4 20. Qh5 Qb3 21. Rfb1 Qd5 22. Qh4 Rc3 23. a4 a6 24. Rb2 Bd7 25. a5 Bb5 26. Qg3 Rec8 27. Qg4 R8c6 28. h3 h6 29. Rab1 Kh7 30. Qf4 Rf6 31. Qg4 Rfc6 32. Qf4 Rf6 33. Qg4 Rcc6 34. Qg3 Rg6 35. Qe5 Rcd6 36. Qf4 Rdf6 37. Qe5 Bc6 38. Rc1 Re6 39. Qxd5 Bxd5 40. Rc5 Rd6 41. Bf4 Rd7 42. Kf1 Rc6 43. Rbc2 Rxc5 44. Rxc5 Bc6 45. Ke2 Rxd4 46. Be3 Ra4 47. Re5 Bb5+ 48. Ke1 f6 49. Re7 Bc6 50. Bb6 Ra2 51. Kd1 e3 52. Rxe3 Bxg2 53. h4 Bc6 54. Re7 Bd5 55. Ke1 h5 56. Bd4 Ra4 57. Bxf6 Rg4 58. Bc3 Kg8 59. Kd2 Kf8 60. Rd7 Bc6 61. Rc7 g6 62. Ke3 Rxh4 63. Rh7 Rg4 64. Rg7 h4 65. Rh7 g5 66. Rh5 Rg1 67. Bf6 Rg4 68. Rxg5 Re4+ 69. Kd2 Rf4 70. Be5 Rxf2+ 0-1

[Event "FIDE WCC Blitz Women 2019"]
[Site "Moscow"]
[Date "2019.12.29"]
[Round "3.28"]
[White "Shumilina, Alexandra"]
[Black "Zatonskih, Anna"]
[Result "1/2-1/2"]
[WhiteElo "2139"]
[BlackElo "2374"]
[Annotator "TA"]
[PlyCount "92"]
[EventDate "2019.12.29"]
[EventType "swiss"]
[EventCountry "RUS"]
[SourceTitle "playchess.com"]
[Source "ChessBase"]
[SourceQuality "1"]

1. e4 e6 2. d4 d5 3. Nc3 dxe4 4. Nxe4 Nd7 5. Nf3 Ngf6 6. Bd3 Nxe4 7. Bxe4 Nf6 8. Bg5 Qd6 9. Bxf6 gxf6 10. O-O Bg7 11. Qe2 O-O 12. c3 Rb8 13. Rad1 c6 14. Rfe1 b6 15. Nd2 Bb7 16. Nc4 Qc7 17. Bf3 Ba6 18. b3 Rfd8 19. Qe4 Bb7 20. Qh4 c5 21. Bxb7 Qxb7 22. dxc5 bxc5 23. Qf4 f5 24. Qe3 Qc7 25. g3 Bf6 26. h4 Kg7 27. h5 h6 28. Qf3 Kh7 29. Qe3 Kg7 30. Qf3 Bg5 31. Qe2 Qc6 32. Ne5 Qb7 33. Qc4 Bf6 34. Nd3 Qf3 35. Rd2 Qxh5 36. Qxc5 Rbc8 37. Qe3 Bxc3 38. Nf4 Qg5 39. Rxd8 Qxd8 40. Rc1 Bf6 41. Rxc8 Qxc8 42. Qxa7 Qc1+ 43. Kg2 Qc6+ 44. Kg1 Qc1+ 45. Kg2 Qc6+ 46. Kg1 Qc1+ 1/2-1/2